Operační výzkum

Uložené v:
Podrobná bibliografia
Hlavný autor: Walter, Jaromír
Médium: Kniha
Jazyk:Czech
Vydavateľské údaje: Praha Státní nakladatelství technické literatury 1973
Tagy: Pridať tag
Žiadne tagy, Buďte prvý, kto otaguje tento záznam!

MARC

LEADER 00000nam a2200000 4500
001 c121289
005 20041019155222.0
041 0 |a cze 
044 |a CZ 
245 1 0 |a Operační výzkum  |c Jaromír Walter 
264 1 |a Praha  |b Státní nakladatelství technické literatury  |c 1973 
300 |a 190 s. 
100 1 |a Walter, Jaromír